000 00557nam a2200181 a 4500
001 000023381
005 20200930022158.0
008 101206s1973 ck 000 0 spa d
040 _aDO-SdBNP
_bspa
_cBNPHU
082 _axx
_bxx
100 1 _aZalamea Borda, Eduardo.
_948161
245 1 0 _aCuatro años a bordo de mi mismo :
_bdiario de los cinco sentidos /
_cEduardo Zalamea Borda.
250 _a6a ed.
260 _aMedellín :
_bBedout,
_c1973.
300 _a303 p. ;
_c18 cm.
490 1 _aBolsilibros Bedout
_v76
830 0 _aBolsilibros Bedout
_v76
_93750
999 _c22878
_d22878